| 000 | 00662nam a22001937a 4500 | ||
|---|---|---|---|
| 999 |
_c3766 _d3766 |
||
| 003 | AR-CdUCM | ||
| 008 | 190307b ||||| |||| 00| 0 spa d | ||
| 040 |
_aMUNICIPALIDAD PROVINCIAL DEL CUSCO _cBIBLIOTECA MUNICIPAL DEL CUSCO |
||
| 082 |
_a869.56 / _bM26 |
||
| 100 |
_aMariƔtegui, Gonzalo _912173 |
||
| 245 | _aLa escalera de caracol / | ||
| 260 |
_aLima : _bWalter Noceda Editores, _c1998. |
||
| 300 |
_a129 paginas ; _c20 cm. |
||
| 505 | _aLa plegaria del minotauro -- La escalera de caracol -- Requiem para un amigo -- El precio -- El sobre lacrado ... | ||
| 650 |
_aCuentos peruanos _97 |
||
| 650 |
_aSiglo XX. _98 |
||
| 942 |
_2ddc _cLIBROS |
||
| 945 | _aacv | ||